000 00808nac a22002417a 4500
001 BR8002362
003 BR-BrBNA
005 20240105114647.0
008 230509b bl.|||m| |||| 00| 0 por d
040 _aBR-BrBNA
_bpor
_cBiblioteca Nacional de Agricultura
072 _aA00
090 _a1540 BR8002362
110 1 _aBiblioteca Nacional de Agricultura, Brasilia, DF (Brasil)
_91256
245 1 _aBibliografias por produtos ou areas de interesse. Mandioca [Manihot esculenta]
_bPR/80/009
260 3 _aBrasilia, DF (Brasil):
_c1980.
300 _a88 p.
490 _aBibliografias por Produtos ou Areas de Interesse. Mandioca (Brazil)
_vv. 5
_x
650 _aAgricultura
650 _aMandioca
650 _aBibliografia
909 _a202312
_bLúcia Elande
_c55
_dLúcia Elande
942 _2AGRIS
_n0
_cMS
999 _c270597
_d270597